| 000 | 00858nam a2200241 4500 | ||
|---|---|---|---|
| 005 | 20240530111000.0 | ||
| 008 | 230207s2019 ua a g b 00| 0dara d | ||
| 017 |
_a2018/19751 _bمصر. دار الكتب |
||
| 020 | _a9789773194444 | ||
| 040 |
_aEG-CaGPL _cEG-CaGPL |
||
| 082 | 0 | 4 |
_221 _a810.9 _bى ك |
| 100 | 0 | _aيحيى حسن عمر | |
| 245 | 1 | 0 |
_aكتابات هيكل بين المصداقية والموضوعية / _cيحيى حسن عمر |
| 250 | _aط.1 | ||
| 260 |
_aالقاهرة : _bالعربى للنشر و التوزيع، _c2019. |
||
| 300 |
_a416 ص.: _bايض ؛ _c20 سم. |
||
| 504 | _aيشتمل على ارجاعات ببليوجرافية | ||
| 650 | 0 | 7 |
_2qrmak _aالادب العربى |
| 650 | 0 | 7 |
_2qrmak _aالادب العربى _xتاريخ ونقد |
| 651 | _2qrmak | ||
| 942 |
_2ddc _cBK |
||
| 999 |
_c67162 _d67162 |
||